000 01236nam a2200337 i 4500
001 7153
003 ES-MaACL
005 20250803005624.0
007 t|
008 900924s1990 sp ||||1| spa d
020 _a84-320-6826-8
080 _a86-6"19"
080 _a86(Prieto,I.3.01)
080 _a86(Negrin,J.3.01)
080 _a9(46)"1936/1939"
080 _a32(46)"19"
100 1 _aPrieto, Indalecio,
_d1883-1962
_993889
245 1 0 _aEpistolario Prieto-Negrin
_b: puntos de vista sobre el desarrollo y consecuencias de la Guerra Civil española /
_cIndalecio Prieto.
250 _a1a ed.
260 _aBarcelona :
_bFundación Indalecio Prieto :
_bPlaneta,
_c1990.
300 _a156 p., [8] p. de lam. ;
_c19 cm.
490 1 _aConvulsiones de España ;
_v4
600 0 4 _aPrieto, Indalecio,
_d1883-1962-
_vCorrespondencia
_993891
600 1 4 _aNegrín, Juan,
_d1892-1956-
_vCorrespondencia
_985309
651 4 _aEspaña-
_xHistoria-
_y1936-1939, Guerra civil.
_98292
700 1 _aNegrín, Juan,
_d1892-1956
_985307
710 2 _aFundación Indalecio Prieto
_94324
830 0 _aConvulsiones de España ;
_v4
_9177827
852 _aES-MaACL
_jL-14381
_bR.117972
_z. - rust.
999 _c7153
_d7153